000 00709nam a2200229 a 4500
999 _c12249
_d12249
001 12249
003 BD-JhCC
005 20210901083023.0
008 210901b19891995su |||| ||a| 000 0 eng d
020 _a091246321x
035 _a(BD-JhCC)12249
040 _aBD-JhCC
_dBD-JhCC
041 _aeng
082 _a001.0882971
_bTHO 1995
100 _athought,The international instttute of islamic
245 _aToward Islamization Of Disciplines /
_cThe international instttute of islamic thought .
260 _aRiyadh:
_bInternational islamic publishing house;
_c1995.
300 _a553 p. :
_c21 cm.
650 _aIslamic Learning and scholarship
_zIslamic Countries
942 _2ddc
_cBK